Analýza a komparácia akvaparkov AquaCity Poprad a Tatralandia diplomová práca

Gespeichert in:
Bibliographische Detailangaben
1. Verfasser: Martincová, Veronika
Körperschaft: Obchodná fakulta EU. Katedra tovaroznalectva a kvality tovaru
Weitere Verfasser: Mlákay, Jozef
Format: Buch
Sprache:Slowakisch
Veröffentlicht: Bratislava 2010
Tags: Tag hinzufügen
Keine Tags, Fügen Sie das erste Tag hinzu!

MARC

LEADER 00000nam$a2200000$$$4500
001 0114894
005 20240318121701.8
041 0 |a slo 
044 |a SK 
245 1 0 |a Analýza a komparácia akvaparkov AquaCity Poprad a Tatralandia  |b diplomová práca  |c Veronika Martincová ; škol. Jozef Mlákay 
264 1 |a Bratislava  |c 2010 
300 |a 74 s. 
100 1 |a Martincová, Veronika 
700 1 |a Mlákay, Jozef 
710 2 |a Obchodná fakulta EU. Katedra tovaroznalectva a kvality tovaru